000 00334pab a2200145 454500
008 180718b2003 xxu||||| |||| 00| 0 eng d
100 _aGranger, Ken
245 _aQuantifying storm tide risk in Cairns
260 _c2003
300 _ap.165-85.
362 _aOct
650 _aStorms
773 _aNatural Hazards
909 _a58690
999 _c58690
_d58690